000 00915nam a2200217 i 4500
001 151396
003 ES-MaACL
005 20250303062545.0
008 010912s1889 sp |||| | spa d
100 1 _aDíaz Benzo, Antonio.
_944184
245 1 0 _aAl pie de la Torre de los Lujanes
_b: contestación a las cartas de doña Emilia Pardo Bazán tituladas Al pie de la Torre Eiffel /
_cpor un Militar [seud.].
260 _aMadrid :
_b[s.n.],
_c1889 (
_fTip. de Manuel Ginés Hernández)
300 _a62 p. ;
_c18 cm.
530 _aDisponible en formato digital.
600 1 4 _aPardo Bazán, Emilia,
_cCondesa de,
_d1851-1921
_9176434
611 2 4 _aExposición Universal.
_d1889.
_cParís)
_9135154
852 _aES-MaACL
_jFol-Laf-566
_z. - Legado de Modesto de la Fuente
856 _uhttp://bdh-rd.bne.es/viewer.vm?id=0000202876&page=1
_zBiblioteca Digital Hispánica
942 _2udc
999 _c151396
_d151396